000 00437nab a2200145Ia 4500
003 ES-SlBCS
005 20210601132900.0
008 140529s1975 xxu||||| |||| 00| 0 ita d
041 _aita
100 1 _aBonessio di Terzet, E.
_9199745
245 0 0 _aEstetico e intellettuale nell'arte
_c E. Bonessio Di Terzet
650 0 4 _aArte
_91831
773 0 _tGiornali di Metafisica
_gvol. 30, nº. 4, 1975, págs. 379-400
_w0017-0372
942 _cAR
999 _c587127
_d587127